| 000 | 00707nam a2200205 ar4500 | ||
|---|---|---|---|
| 001 | 1687 | ||
| 005 | 20221127090250.0 | ||
| 008 | 100124s xxka 00110|eng d | ||
| 020 |
_a9780415362368(pbk) : _cSR135.00 |
||
| 082 | 0 | 4 |
_a174.4 _bM241 2009 |
| 100 | 1 | _aMcPhail, Ken. | |
| 245 | 1 | 0 |
_aAccounting business ethics : _ban introduction / _cKen McPhail, Diane Walters. |
| 260 |
_aLondon ; _aNew York : _bRoutledge, _c2009. |
||
| 300 |
_axii, 225 p. : _bill. ; _c23 cm. |
||
| 504 | _aIncludes bibl. references and index. | ||
| 650 | 4 | _aBusiness ethics. | |
| 650 | 4 |
_aIndustrial management _xMoral and ethical aspects. |
|
| 650 | 4 |
_aAccounting _xMoral and ethical aspects. |
|
| 700 | 0 |
_aWalters, Diane, _ejt. auth. |
|
| 999 |
_c1685 _d1685 |
||